000 00538nam a2200181Ia 4500
003 IN-BaIIA
008 211028s9999 xx 000 0 eng d
040 _cIIA Library
080 _a681.3
_bPAR
100 _aParzen, Emanuel
_96012
245 0 _aTime series analysis papers
_cEmanuel Parzen
260 _aSan Francisco
_bHolden-Day
_c1967
300 _axv, 565p.
490 _aHolden-Day series in time series analysis
650 _aComputers
_92283
650 _aNASA Thesaurus
942 _cBK
999 _c3392
_d3392